000 00322nam a22001337a 4500
008 170308b xxu||||| |||| 00| 0 eng d
020 _a9780721639611
041 _aeng
080 _25 ED
_a611
100 _a6 ED
101 _aSHM
245 _aHUMAN PHYSIOLOGY AND MECHANISM OF DISEASE
_cGUYTON.A.C
942 _2udc
_cBK
999 _c7210
_d7210